000 00407nam a22001697a 4500
005 20160630143120.0
008 160630b xxu||||| |||| 00| 0 eng d
020 _a81-88458-50-3
041 _aeng
082 _b16733
100 _aSingal, Dr. R K
_93316
245 _aIC Engine & Compressors
260 _bS.K. Kataria & Sons
_c2011
300 _a227
650 _aDiploma Engineering
_9817
942 _cBK
999 _c4949
_d4947